000 00590nam a22001932 4500
001 0000009754
005 20151217155843.0
008 081126s xx 000 0 eng d
040 _aKABU
_cKABU
100 1 _aMnyampala, Mathias E.
_@0000161518
245 1 0 _aHistoria, mila, na desturi za Wagogo wa Tanganyika /
_cMathias E. Mnyampala.
250 _a1st ed.
260 _aNairobi :
_bEagle Press,
_c1954.
300 _a116 p.
650 0 _aGogo (African people)
_@0000161519
852 1 _9p100 KES
908 _a081126
950 _@1
999 _c13272
_d13272